Actually Badly Drawn Flags #2 - Statistics

General Stats
  • This quiz has been taken 50 times
  • The average score is 14 of 16
Answer Stats
Picture Answer % Correct
Germany
98%
Iran
95%
Philippines
93%
Lesotho
91%
Algeria
88%
Bahamas
88%
Bosnia and Herzegovina
88%
Haiti
88%
Mongolia
88%
Burundi
86%
Central African Republic
84%
Comoros
84%
Eritrea
81%
Tonga
79%
Nauru
77%
Solomon Islands
58%
No matching quizzes found
Score Distribution
Percent of People with Each Score
Percentile by Number Answered
Your Score History
You have not taken this quiz